Normal view
MARC view
- Civilización moderna
Entry Materia
001 - NÚMERO DE CONTROL DEL REGISTRO
- campo de control: 10792
003 - IDENTIFICADOR DE NUMERO DE CONTROL
- campo de control: MX-MxUPN
005 - FECHA Y HORA DE LA ÚLTIMA TRANSACCIÓN
- campo de control: 20240801130207.0
008 - DATOS DE LONGITUD FIJA
- campo de control de longitud fija: 221014n| fcnnnbabn | ana |d
035 ## - NÚMERO DE CONTROL DEL SISTEMA
- Número de control del sistema: UPN10000010799
040 ## - FUENTE DE LA CATALOGACIÓN
- Centro catalogador de origen: MX-MxUPN
- Lengua de catalogación: spa
- Agencia de transcripción: MX-MxUPN
150 ## - ENCABEZAMIENTO - TEMÁTICO
- Término de materia o nombre geográfico como elemento inicial: Civilización moderna
- Subdivisión de materia general: Filosofía
670 ## - FUENTE EN LA QUE SE LOCALIZARON DATOS
- Cita de la fuente: DGB UNAM, 14 octubre 2022:
- Información localizada: encabezamiento (Civilización moderna--Filosofía)
902 ## - CATALOGADOR
- Catalogador: CAA/200802
